00905nam a2200241 i 450000100060000000300090000600500170001500700030003200800410003502000180007608000130009410000410010724501340014826000360028230000220031849000300034050400340037065000490040483000380045385200330049199900170052495201220054193511ES-MaACL20250814015313.0t|050601s1999 sp ||||1| spa d a84-368-1394-4 a37.015.41 aFernández Enguita, Mariano.94975613aLa escuela a examen b: un análisis sociológico para educadores y otras personas interesadas / cMariano Fernández Enguita. aMadrid : bPirámide, c[1999] a255 p. ; c21 cm.1 aPsicología. Pedagogía aBibliografía: p. [249]-255.17aSociología de la educación2embne9172060 aPsicología. Pedagogía9232099 aES-MaACLjL-29140 bR.135510 c93511d93511 00104070aATENEOMbATENEOMcDEPO2d2008-01-17eSCl0oL-29140p1097653r2023-02-23 00:00:00w2023-02-23yMONOGRAFIA